Histoire physique, morale, civile et politique de la Russie moderne / (Record no. 157351)
[ view plain ]
| 000 -LEADER | |
|---|---|
| campo de control de longitud fija | 01299nam a22002415i 4500 |
| 001 - NÚMERO DE CONTROL | |
| campo de control | 157351 |
| 003 - IDENTIFICADOR DE NÚMERO DE CONTROL | |
| campo de control | ES-MaACL |
| 005 - FECHA Y HORA DE LA ÚLTIMA TRANSACCIÓN | |
| campo de control | 20250627063650.0 |
| 008 - DATOS DE LONGITUD FIJA--INFORMACIÓN GENERAL | |
| campo de control de longitud fija | 040915s1783 fr abc |||| | fre d |
| 040 ## - FUENTE DE CATALOGACIÓN | |
| Centro catalogador/agencia de origen | CAM |
| Lengua de catalogación | spa |
| Centro/agencia transcriptor | CAM |
| 100 1# - ENTRADA PRINCIPAL--NOMBRE DE PERSONA | |
| Nombre de persona | Le Clerc, Nicolas-Gabriel, |
| Fechas asociadas al nombre | 1726-1798 |
| 9 (RLIN) | 70856 |
| 245 10 - MENCIÓN DEL TÍTULO | |
| Título | Histoire physique, morale, civile et politique de la Russie moderne / |
| Mención de responsabilidad, etc. | par M. Le Clerc... ; tome premier. |
| 260 ## - PUBLICACIÓN, DISTRIBUCIÓN, ETC. | |
| Lugar de publicación, distribución, etc. | A Paris : |
| Nombre del editor, distribuidor, etc. | chez Froullé, libraire... ; |
| Lugar de publicación, distribución, etc. | A Versailles : |
| Nombre del editor, distribuidor, etc. | chez Blaizot, libraire..., |
| Fecha de publicación, distribución, etc. | 1783 ( |
| Fabricante | De l'imprimerie de Clousier) |
| 300 ## - DESCRIPCIÓN FÍSICA | |
| Extensión | [4], 536, [2] p., [1] h. en bl., [10] h. pleg., [2] h. maps. pleg., [1] h. de grab. ; |
| Dimensiones | 4º. |
| 596 ## - NOTA AL PIE DE IMPRENTA | |
| NOTA AL PIE DE IMPRENTA | Dato de impresor consta en colofón. |
| 597 ## - NOTA DE DESCRIPCIÓN FÍSICA | |
| NOTA DE DESCRIPCIÓN FÍSICA | Sign.: []\p2\s, A-2Z\p4\s, 3A-3V\p4\s, 3X\p6\s. |
| 597 ## - NOTA DE DESCRIPCIÓN FÍSICA | |
| NOTA DE DESCRIPCIÓN FÍSICA | Antep. |
| 599 ## - NOTA A LAS ILUSTRACIONES | |
| NOTA A LAS ILUSTRACIONES | Las h. de map. pleg. calc.: "Dessiné par Clermont, gravé par P. Tardieu", Imperio ruso ; "Destruction de la Flotte ottomanne dans le Port de Tzeme par l'Escadre russe, sous les ordres de le Comte Orlof, la nuit du 7 juillet 1770" |
| 599 ## - NOTA A LAS ILUSTRACIONES | |
| NOTA A LAS ILUSTRACIONES | La h. de grab. calc., retrato de Catalina \RII\R : "Dessiné par Chevalier et Marillier, gravé par Pauquet" |
| 651 #4 - PUNTO DE ACCESO ADICIONAL DE MATERIA--NOMBRE GEOGRÁFICO | |
| Nombre geográfico | Rusia- |
| Subdivisión general | Historia. |
| 9 (RLIN) | 9330 |
| 852 ## - LOCALIZACIÓN | |
| Ubicación | ES-MaACL |
| Número de control de estantería | R-3446 |
| Nota libre | -- Enc. pasta española |
| Estatus retirado | Estado de pérdida | Estado de daño | No para préstamo | Colección | Biblioteca de origen | Biblioteca actual | Ubicación en estantería | Fecha de adquisición | Total de préstamos | Signatura topográfica completa | Código de barras | Visto por última vez | Precio de reemplazo | Tipo de ítem Koha |
|---|---|---|---|---|---|---|---|---|---|---|---|---|---|---|
| Libros del s. XVIII | Biblioteca del Ateneo de Madrid | Biblioteca del Ateneo de Madrid | Depósito | 17/01/2008 | R-3446 | 1164667 | 23/02/2023 | 23/02/2023 | Libro impreso antiguo |
